La democracia industrial

Αποθηκεύτηκε σε:
Λεπτομέρειες βιβλιογραφικής εγγραφής
Κύριος συγγραφέας: Levinson, Charles
Μορφή: Κείμενο
Έκδοση: Barcelona: DOPESA
Ετικέτες: Προσθήκη ετικέτας
Δεν υπάρχουν, Καταχωρήστε ετικέτα πρώτοι!

MARC

LEADER 00000 a a2200000 04500
001 16803
003
040 |a CRAI/IIS  |c CRAI/IIS 
090 |a 004400  
100 |a Levinson, Charles  
245 |a La democracia industrial  
260 |a Barcelona:   |b DOPESA  
300 |a pp 147-34 
500 |a Tonado del libro "El contrapoder multinacional la réplica sindical" (Barcelona: DOPESA, 1976)  
999 |c 15390  |d 15390